|
|
|
|
| LEADER |
00000cam a2200000 a 4500 |
| 001 |
UCD9169 |
| 003 |
CL-VaPUC |
| 008 |
170609e19660000gw |||||||||||||||||ger|d |
| 082 |
0 |
4 |
|a 262.5
|b DAS
|2 21
|
| 245 |
1 |
4 |
|a Das Zweite Vatikanische Konzil: Konstitutionen, Dekrete und Erklarungen
|
| 250 |
|
|
|a 1a. ed
|
| 300 |
|
|
|a v
|
| 942 |
|
|
|c BK
|
| 945 |
|
|
|d 20170609 16:51:00
|a dcastane
|
| 260 |
|
|
|a Friburgo de Brisgovia
|b Herder
|c 1966
|
| 500 |
|
|
|a v.1-v.2: Kommentare
|
| 650 |
|
0 |
|a Concilio Vaticano II
|9 258399
|
| 650 |
|
0 |
|a Iglesia Católica
|9 256114
|
| 650 |
|
0 |
|a Historia de la iglesia
|9 257565
|
| 583 |
|
|
|a last modification
|c 20170609 16:51:00
|k Rodrigo Vera
|
| 999 |
|
|
|c 368434
|d 368432
|
| 952 |
|
|
|0 0
|1 0
|3 erd
|4 0
|6 262_500000000000000_DAS_1966
|7 0
|8 X
|9 483753
|a BIBTEO
|b BIBTEO
|h v.1
|i 5394988
|o 262.5 DAS 1966
|p 5394988
|r 2019-11-24
|w 2019-11-24
|y BK_X
|z Catalogado en:20170609
|k ICR
|
| 952 |
|
|
|0 0
|1 0
|3 erd
|4 0
|6 262_500000000000000_DAS_1966
|7 0
|8 X
|9 483754
|a BIBTEO
|b BIBTEO
|h v.2
|i 5394996
|o 262.5 DAS 1966
|p 5394996
|r 2019-11-24
|w 2019-11-24
|y BK_X
|z Catalogado en:20170609
|k ICR
|